| 000 | 00696nam a22002177a 4500 | ||
|---|---|---|---|
| 005 | 20131031020002.0 | ||
| 008 | 131030b1996 xxuil | |||| 00| 0 eng d | ||
| 020 | _a0062732749 | ||
| 041 | _aeng | ||
| 044 | _axxu | ||
| 082 |
_a363.7 _bG63e |
||
| 100 | 1 | 0 |
_aGonic,Larry _92278 |
| 245 | 1 | 0 |
_aThe cartoons guide to the environment _cLarry Gonic and Alice Outwater |
| 260 |
_aNew York _bHarperCollins Publishers _c1996 |
||
| 300 |
_a229 p. _bil. _c24 cm |
||
| 504 | _aIncluye bibliografía (p. 218 - 219) e índice (p. 221 - 229) | ||
| 546 | _aTexto en inglés | ||
| 650 |
_aMedio ambiente _xTiras cómicas, historietas, etc. _92279 |
||
| 700 | 1 |
_aOutwater, Alice _92280 |
|
| 942 |
_2ddc _cImpreso _01 |
||
| 999 |
_c7704 _d7704 |
||